الوردة المسيحية / (رقم التسجيلة. 113137)
[ عرض عادي ]
| 000 -LEADER | |
|---|---|
| fixed length control field | 00612nam a22001817a 4500 |
| 005 - DATE AND TIME OF LATEST TRANSACTION | |
| control field | 20251108174608.0 |
| 008 - FIXED-LENGTH DATA ELEMENTS--GENERAL INFORMATION | |
| fixed length control field | 250721s2005 xx 000 0 ara d |
| 082 14 - DEWEY DECIMAL CLASSIFICATION NUMBER | |
| Classification number | 818.03/أوغ |
| 100 1# - MAIN ENTRY--PERSONAL NAME | |
| Personal name | اوغلو، أمينة شنليك |
| Relator term | مؤلف |
| 245 10 - TITLE STATEMENT | |
| Title | الوردة المسيحية / |
| 264 1# - PRODUCTION, PUBLICATION, DISTRIBUTION, MANUFACTURE, AND COPYRIGHT NOTICE | |
| Place of production, publication, distribution, manufacture | اللاذقية : |
| Name of producer, publisher, distributor, manufacturer | دار المرساة للطباعة و النشر و التوزيع، |
| Date of production, publication, distribution, manufacture, or copyright notice | 2005. |
| 300 ## - PHYSICAL DESCRIPTION | |
| Extent | 199 ص. |
| 650 17 - SUBJECT ADDED ENTRY--TOPICAL TERM | |
| Topical term or geographic name as entry element | المذكرات الادبيه |
| 650 17 - SUBJECT ADDED ENTRY--TOPICAL TERM | |
| Topical term or geographic name as entry element | الادب العربي |
| 700 1# - ADDED ENTRY--PERSONAL NAME | |
| Personal name | فاقي، محمد مولود |
| Relator term | مترجم |
| 942 ## - ADDED ENTRY ELEMENTS (KOHA) | |
| Source of classification or shelving scheme | Dewey Decimal Classification |
| Koha item type | كتب |
| حالة السحب | حالة الفقدان | مصدر التصنيف | حالة التلف | غير قابل للإعارة | المكتبة الرئيسية | المكتبة الحالية | موقع الرف | تاريخ التزويد | الرقم المتسلسل | Total Checkouts | رقم الإستدعاء | الباركود | تاريخ آخر ظهور | تاريخ الفاتورة | نوع المادة (كوها) |
|---|---|---|---|---|---|---|---|---|---|---|---|---|---|---|---|
| Dewey Decimal Classification | المكتبة المركزية | المكتبة المركزية | الإعارة | 28/07/2025 | 1208106 | 818.03/أوغ | PLD00029236 | 28/07/2025 | 28/07/2025 | كتب | |||||
| Dewey Decimal Classification | مكتبة صويلح العامة | مكتبة صويلح العامة | الإعارة | 21/07/2008 | 1208114 | 818.03/أوغ | PLD00029854 | 28/07/2025 | 21/07/2008 | كتب | |||||
| Dewey Decimal Classification | مكتبة مؤتة | مكتبة مؤتة | الإعارة | 23/03/2011 | 1428477 | 818.03/أوغ | PLD00198429 | 28/07/2025 | 23/03/2011 | كتب |